[Event "ch-USA w 2016"]
[Site "Saint Louis USA"]
[Date "2016.04.16"]
[Round "3.1"]
[White "Yip, Carissa"]
[Black "Abrahamyan, Tatev"]
[Result "1/2-1/2"]
[BlackTitle "WGM"]
[WhiteElo "2164"]
[BlackElo "2342"]
[WhiteFideId "2090732"]
[BlackFideId "13301918"]
[EventDate "2016.04.14"]

1. e4 e6 2. d4 d5 3. Nd2 h6 4. Ngf3 Nf6 5. e5 Nfd7 6. Bd3 c5 7. c3 Nc6 8. O-O g5
9. Qe2 Qb6 10. dxc5 Nxc5 11. Bc2 Bg7 12. h3 Nd7 13. Ba4 O-O 14. Bxc6 bxc6 15.
Re1 Ba6 16. Qe3 Nc5 17. c4 dxc4 18. Qc3 Nd3 19. Re3 Qb5 20. a4 Qd5 21. Re4 c5
22. Qa5 Bb7 23. Qc3 f5 24. exf6 Bxf6 25. Qxc4 Qxc4 26. Rxc4 Bd5 27. Rc2 Rab8 28.
Rb1 Rfc8 29. Nf1 Nxc1 30. Rbxc1 Bxb2 31. Rb1 Ba3 32. Rxb8 Rxb8 33. Ne5 Bb3 34.
Rc3 Bb2 35. Rxc5 Bxa4 36. Ng4 Bg7 37. Ra5 Bc6 38. Rxa7 Rb1 39. Nh2 Be5 40. g3
Rb2 41. Ng4 Bg7 42. Rc7 Bf3 43. Rc1 Bxg4 44. hxg4 Bd4 45. Ne3 Bxe3 1/2-1/2

[Event "ch-USA w 2016"]
[Site "Saint Louis USA"]
[Date "2016.04.18"]
[Round "5.3"]
[White "Nemcova, Katerina"]
[Black "Abrahamyan, Tatev"]
[Result "1/2-1/2"]
[WhiteTitle "WGM"]
[BlackTitle "WGM"]
[WhiteElo "2367"]
[BlackElo "2342"]
[WhiteFideId "322750"]
[BlackFideId "13301918"]
[EventDate "2016.04.14"]

1. e4 e6 2. d4 d5 3. Nc3 Bb4 4. Ne2 Nc6 5. a3 Ba5 6. exd5 exd5 7. Qd3 Nge7 8.
Ng3 O-O 9. Be3 Be6 10. Be2 Qd7 11. O-O Nf5 12. Nxf5 Bxf5 13. Qd2 Ne7 14. Rae1 c6
15. Bf4 Ng6 16. Bg3 Bc7 17. Nd1 Rae8 18. Bf3 Ne7 19. Ne3 Be6 20. Bxc7 Qxc7 21.
Ng4 Nf5 22. Bd1 Nd6 23. c3 Bf5 24. Ne3 Bg6 25. Bc2 Bxc2 26. Nxc2 Qd7 27. Nb4 Nc4
28. Qc1 Rxe1 29. Rxe1 Re8 30. Nd3 Re7 31. Kf1 Qe8 1/2-1/2